Introduction to educational technology (Record no. 1845)

MARC details
000 -LEADER
fixed length control field 00621cam a2200229ua 4500
001 - CONTROL NUMBER
control field 1973
005 - DATE AND TIME OF LATEST TRANSACTION
control field 20260515113429.0
008 - FIXED-LENGTH DATA ELEMENTS--GENERAL INFORMATION
fixed length control field 110811n ii |||gr||||Z||||||eng
020 ## - INTERNATIONAL STANDARD BOOK NUMBER
International Standard Book Number 81-207-0367-6
040 ## - CATALOGING SOURCE
Transcribing agency MAIN
082 ## - DEWEY DECIMAL CLASSIFICATION NUMBER
Classification number 371.33
100 ## - MAIN ENTRY--PERSONAL NAME
Personal name Sampath, K.,
Relator term Author.
245 1# - TITLE STATEMENT
Title Introduction to educational technology
Statement of responsibility, etc. by K. Sampath
250 ## - EDITION STATEMENT
Edition statement 4th.
260 ## - PUBLICATION, DISTRIBUTION, ETC.
Place of publication, distribution, etc. New Delhi:
Name of publisher, distributor, etc. Sterling publishers,
Date of publication, distribution, etc. 2001.
300 ## - PHYSICAL DESCRIPTION
Extent 367p:
Dimensions 23cm.
653 ## - INDEX TERM--UNCONTROLLED
Uncontrolled term Education
653 ## - INDEX TERM--UNCONTROLLED
Uncontrolled term Introduction to educational technology
700 ## - ADDED ENTRY--PERSONAL NAME
Personal name Panneerselvam, A.,
Relator term Author.
700 ## - ADDED ENTRY--PERSONAL NAME
Personal name Santhanam, S,
Relator term Author.
942 ## - ADDED ENTRY ELEMENTS (KOHA)
Koha item type Books
Holdings
Withdrawn status Lost status Damaged status Not for loan Home library Current library Shelving location Date acquired Total checkouts Full call number Barcode Date last seen Copy number Price effective from Koha item type
        Naharkatiya College Library Naharkatiya College Library General stacks 09/19/2020   371.33 | SAM 11440 09/19/2020 1 09/19/2020 Books
        Naharkatiya College Library Naharkatiya College Library General stacks 09/19/2020   371.33 | SAM 11441 09/19/2020 2 09/19/2020 Books